[Event "First Saturday 2009 november FM-B"]
[Site "Budapest"]
[Date "2009.11.07"]
[Round "1"]
[White "Szoukup, Istvan"]
[Black "Vinnay, Istvan"]
[Result "1-0"]
[WhiteElo "1730"]
[BlackElo "1791"]
[PlyCount "49"]
[EventDate "2009.11.07"]

1. e4 c5 2. Nf3 e6 3. d4 cxd4 4. Nxd4 Nf6 5. Nc3 d6 6. g4 Be7 7. g5 Nfd7 8. Qh5
g6 9. Qh6 Bf8 10. Qh3 Nc6 11. Be3 Bg7 12. Ndb5 Nb6 13. O-O-O O-O 14. Rxd6 Qe7
15. Bc5 Qxg5+ 16. Qe3 Qxe3+ 17. Bxe3 Be5 18. Rd2 Nd7 19. f4 Bg7 20. e5 Rd8 21.
Nc7 Rb8 22. Bg2 Bf8 23. Rhd1 Be7 24. N3b5 a6 25. Na7 1-0

[Event "First Saturday 2009 november FM-B"]
[Site "Budapest"]
[Date "2009.11.07"]
[Round "1"]
[White "Szoukup, Helga"]
[Black "Kron, Gabor"]
[Result "0-1"]
[WhiteElo "1933"]
[BlackElo "1838"]
[PlyCount "88"]
[EventDate "2009.11.07"]

1. e4 c6 2. d4 d5 3. Nc3 dxe4 4. Nxe4 Bf5 5. Ng3 Bg6 6. Nf3 Nd7 7. Bd3 Bxd3 8.
Qxd3 Ngf6 9. O-O e6 10. Re1 Be7 11. c4 Qc7 12. Ne5 Rd8 13. Qe2 Nxe5 14. dxe5
Nd7 15. Qg4 O-O 16. Bh6 g6 17. Bxf8 Rxf8 18. Qe2 Bc5 19. Kh1 Bb4 20. Red1 Nxe5
21. a3 Be7 22. Ne4 c5 23. Rac1 Nc6 24. Rc3 Nd4 25. Qe3 f5 26. Ng5 e5 27. Nf3
Bf6 28. Rcc1 Ne6 29. Rd5 e4 30. Rcd1 Rf7 31. b3 Kg7 32. Ne1 Bd4 33. Qd2 Nf4 34.
Nc2 Nxd5 35. Nxd4 cxd4 36. cxd5 d3 37. f3 Qe5 38. Re1 Qd4 39. d6 Rd7 40. Qf4 d2
41. Rd1 Rxd6 42. Qh4 Rd7 43. fxe4 fxe4 44. g4 e3 0-1

[Event "First Saturday 2009 november FM-B"]
[Site "Budapest"]
[Date "2009.11.07"]
[Round "1"]
[White "Hetesi, Zoltan"]
[Black "Csata, Marcell"]
[Result "1/2-1/2"]
[WhiteElo "1547"]
[BlackElo "1891"]
[PlyCount "64"]
[EventDate "2009.11.07"]

1. e4 c5 2. Nf3 d6 3. c3 Nf6 4. h3 Nc6 5. d4 Qa5 6. e5 dxe5 7. dxe5 Nd7 8. Bf4
g5 9. Bg3 Bg7 10. e6 Nde5 11. Nxe5 Bxe5 12. exf7+ Kf8 13. Bxe5 Nxe5 14. Qd5 Qc7
15. Na3 a6 16. Nc4 Nxf7 17. Bd3 Bd7 18. O-O e6 19. Qf3 Kg7 20. Rfe1 b5 21. Ne3
Raf8 22. Rad1 h5 23. Qe4 Rh6 24. Bb1 Bc6 25. Qc2 Ne5 26. b4 g4 27. h4 g3 28. f3
Bxf3 29. Rd2 Bxg2 30. Kxg2 Nf3 31. Red1 Ne5 32. Qe4 Rf7 1/2-1/2

[Event "First Saturday 2009 november FM-B"]
[Site "Budapest"]
[Date "2009.11.07"]
[Round "1"]
[White "Kelemen, Lajos dr"]
[Black "Toth, Antal"]
[Result "0-1"]
[WhiteElo "1516"]
[BlackElo "1665"]
[PlyCount "94"]
[EventDate "2009.11.07"]

1. d4 d5 2. c4 c6 3. cxd5 cxd5 4. Nf3 Nf6 5. g3 Nc6 6. Bg2 e6 7. a3 Be7 8. O-O
O-O 9. Nc3 a6 10. Qc2 Bd7 11. e4 dxe4 12. Nxe4 Nd5 13. Be3 Rc8 14. Qd3 Na5 15.
Rfc1 Bb5 16. Rxc8 Qxc8 17. Qd1 Nxe3 18. fxe3 Nc4 19. Qb3 Na5 20. Qc3 Qxc3 21.
bxc3 Rc8 22. a4 Bc6 23. Ned2 Bxf3 24. Bxf3 Rxc3 25. Kf2 Nb3 26. Nxb3 Rxb3 27.
h4 g6 28. e4 Kg7 29. d5 e5 30. Ke2 Kf6 31. g4 h6 32. Bh1 Kg7 33. h5 g5 34. Rd1
Bd6 35. Ra1 b6 36. Bg2 Bc5 37. Bh1 f6 38. Rd1 Bd6 39. Ra1 Kf7 40. Rc1 Bc5 41.
Ra1 Ke7 42. Kd2 Rg3 43. Ke2 Rxg4 44. Bf3 Rh4 45. Rh1 Rf4 46. Rh2 f5 47. exf5
Rxa4 0-1

[Event "First Saturday 2009 november FM-B"]
[Site "Budapest"]
[Date "2009.11.08"]
[Round "2"]
[White "Toth, Antal"]
[Black "Horvath, Zoltan"]
[Result "1-0"]
[WhiteElo "1665"]
[BlackElo "1605"]
[PlyCount "121"]
[EventDate "2009.11.07"]

1. e4 c5 2. Nf3 d6 3. d4 cxd4 4. Nxd4 Nf6 5. Nc3 a6 6. Be2 e6 7. Be3 Nc6 8. Qd2
Nxd4 9. Bxd4 e5 10. Be3 Be6 11. O-O Be7 12. Bg5 Qc7 13. Bxf6 Bxf6 14. Rad1 Rd8
15. b3 O-O 16. Bf3 b5 17. Ne2 h6 18. c3 Bg5 19. Qb2 f5 20. exf5 Bxf5 21. Bd5+
Kh8 22. Ng3 Bg6 23. Ne4 Bxe4 24. Bxe4 Rf6 25. g3 h5 26. h4 Bh6 27. Rd3 g6 28.
Bd5 Rdf8 29. c4 b4 30. a3 a5 31. a4 Qc5 32. Qe2 Kg7 33. Kg2 Qc8 34. Be4 Qg4 35.
Qxg4 hxg4 36. Rd5 R8f7 37. Rxa5 Bd2 38. Ra8 Bc3 39. Bd5 Rf8 40. Rxf8 Kxf8 41.
f4 gxf3+ 42. Rxf3 Rxf3 43. Kxf3 Kg7 44. g4 Kf6 45. h5 gxh5 46. gxh5 Kg5 47. Bf7
Bd4 48. Ke4 Kf6 49. Bg6 Kg5 50. Kd5 Bc5 51. a5 Kf6 52. a6 Ke7 53. h6 Kf6 54. h7
Kg7 55. Be4 Kh8 56. a7 Bxa7 57. Kxd6 Bd4 58. c5 Kg7 59. c6 Bb6 60. c7 Kf7 61.
c8=Q 1-0

[Event "First Saturday 2009 november FM-B"]
[Site "Budapest"]
[Date "2009.11.08"]
[Round "2"]
[White "Csata, Marcell"]
[Black "Kelemen, Lajos dr"]
[Result "1-0"]
[WhiteElo "1891"]
[BlackElo "1516"]
[PlyCount "47"]
[EventDate "2009.11.07"]

1. e4 d5 2. exd5 Qxd5 3. Nc3 Qa5 4. d4 e5 5. dxe5 Bb4 6. Bd2 Nc6 7. a3 Qxe5+ 8.
Be2 Bc5 9. Nf3 Qd6 10. Nb5 Qd8 11. Bf4 Bb6 12. Qxd8+ Kxd8 13. Bc4 Be6 14. Bxe6
fxe6 15. Ng5 Nh6 16. Nxe6+ Kd7 17. Nbxc7 Rag8 18. O-O-O+ Ke7 19. Rhe1 Kf6 20.
Rd6 Nf5 21. Nd5+ Kf7 22. Rd7+ Nce7 23. Nxe7 Nxe7 24. Ng5+ 1-0

[Event "First Saturday 2009 november FM-B"]
[Site "Budapest"]
[Date "2009.11.08"]
[Round "2"]
[White "Kron, Gabor"]
[Black "Hetesi, Zoltan"]
[Result "1-0"]
[WhiteElo "1838"]
[BlackElo "1547"]
[PlyCount "45"]
[EventDate "2009.11.07"]

1. g3 d5 2. Bg2 e5 3. d3 c5 4. Nd2 Nf6 5. e4 Bg4 6. f3 Be6 7. Nh3 Nc6 8. O-O
Bd6 9. Nf2 Qd7 10. f4 exf4 11. gxf4 Bxf4 12. Re1 d4 13. Nf3 Bc7 14. c3 Bg4 15.
h3 Bh5 16. Bg5 Ne5 17. cxd4 Nxf3+ 18. Bxf3 Bxf3 19. Qxf3 Qxd4 20. e5 Bxe5 21.
Bxf6 gxf6 22. Qxf6 Rg8+ 23. Kf1 1-0

[Event "First Saturday 2009 november FM-B"]
[Site "Budapest"]
[Date "2009.11.08"]
[Round "2"]
[White "Szoukup, Istvan"]
[Black "Szoukup, Helga"]
[Result "1/2-1/2"]
[WhiteElo "1730"]
[BlackElo "1933"]
[PlyCount "72"]
[EventDate "2009.11.07"]

1. e4 c6 2. d4 d5 3. Nc3 dxe4 4. Nxe4 Bf5 5. Ng3 Bg6 6. h4 h6 7. Nf3 Nd7 8. h5
Bh7 9. Bd3 Bxd3 10. Qxd3 Ngf6 11. Bf4 Nd5 12. Bd2 e6 13. c4 N5f6 14. O-O-O Qc7
15. Kb1 O-O-O 16. Ne4 Nxe4 17. Qxe4 Nf6 18. Qe5 Bd6 19. Qa5 Qxa5 20. Bxa5 b6
21. Bc3 Ne4 22. Be1 c5 23. Kc2 cxd4 24. Nxd4 Bc5 25. Rh4 Rxd4 26. Rxd4 Bxd4 27.
Rxe4 Rd8 28. f3 Bf6 29. Bh4 Bxh4 30. Rxh4 f6 31. Rg4 Rd7 32. Kc3 e5 33. Re4 Rd1
34. Rg4 Rd7 35. Re4 Rd1 36. Rg4 Rd7 1/2-1/2

[Event "First Saturday 2009 november FM-B"]
[Site "Budapest"]
[Date "2009.11.09"]
[Round "3"]
[White "Szoukup, Helga"]
[Black "Vinnay, Istvan"]
[Result "0-1"]
[WhiteElo "1933"]
[BlackElo "1791"]
[PlyCount "62"]
[EventDate "2009.11.07"]

1. e4 c5 2. Nf3 d6 3. d4 cxd4 4. Nxd4 Nf6 5. Nc3 e6 6. Be2 Nc6 7. Bf3 Bd7 8.
Nxc6 Bxc6 9. O-O Qb6 10. Re1 Be7 11. Rb1 a6 12. Qe2 Qc7 13. Bf4 e5 14. Bg3 b5
15. Nd5 Bxd5 16. exd5 Rc8 17. Rbc1 O-O 18. b3 Qc3 19. Red1 Qa5 20. c3 Rxc3 21.
Qe1 Rfc8 22. Rc2 b4 23. Re2 Rc2 24. Be4 Nxe4 25. Rxe4 R2c3 26. Bxe5 dxe5 27.
Rxe5 Bd6 28. Re8+ Rxe8 29. Qxe8+ Bf8 30. d6 Qd5 31. Qe1 Rd3 0-1

[Event "First Saturday 2009 november FM-B"]
[Site "Budapest"]
[Date "2009.11.09"]
[Round "3"]
[White "Kelemen, Lajos dr"]
[Black "Kron, Gabor"]
[Result "0-1"]
[WhiteElo "1516"]
[BlackElo "1838"]
[PlyCount "62"]
[EventDate "2009.11.07"]

1. d4 d6 2. c4 Nd7 3. Nf3 e5 4. dxe5 dxe5 5. e4 g6 6. b3 Bg7 7. Ba3 Ne7 8. Be2
O-O 9. O-O h6 10. Bc1 f5 11. exf5 gxf5 12. Bb2 Kh7 13. Re1 Ng6 14. Qc2 Qe7 15.
Ba3 c5 16. Nc3 b6 17. Nd5 Qf7 18. Rad1 Nf6 19. Bc1 Be6 20. Bg5 Nxd5 21. cxd5
Bxd5 22. Bc1 e4 23. Nd2 Ne5 24. Nc4 Rad8 25. Ne3 Ba8 26. Bc4 Qg6 27. Kh1 f4 28.
Nd5 Nd3 29. Rxe4 Rxd5 30. Bxd3 Rxd3 31. Qxd3 Bxe4 0-1

[Event "First Saturday 2009 november FM-B"]
[Site "Budapest"]
[Date "2009.11.09"]
[Round "3"]
[White "Horvath, Zoltan"]
[Black "Csata, Marcell"]
[Result "0-1"]
[WhiteElo "1605"]
[BlackElo "1891"]
[PlyCount "59"]
[EventDate "2009.11.07"]

1. e4 c5 2. Nf3 d6 3. d4 cxd4 4. Nxd4 Nf6 5. Nc3 a6 6. Be3 e6 7. Be2 Be7 8. O-O
Qc7 9. f4 b5 10. a3 Bb7 11. Bf3 Nc6 12. Kh1 O-O 13. Rc1 Nxd4 14. Bxd4 Rac8 15.
e5 Bxf3 16. Rxf3 dxe5 17. fxe5 Ng4 18. Qe2 Rfd8 19. Rf4 f5 20. Rxg4 fxg4 21.
Qxg4 Qc4 22. Ne2 Bc5 23. c3 Bxd4 24. Nxd4 Rxd4 25. Qg5 Rf8 26. h3 Rf1+ 27. Rxf1
Qxf1+ 28. Kh2 Qf4+ 29. Qxf4 Rxf4 30. Kg3 {after 16 move} 0-1

[Event "First Saturday 2009 november FM-B"]
[Site "Budapest"]
[Date "2009.11.10"]
[Round "4"]
[White "Vinnay, Istvan"]
[Black "Toth, Antal"]
[Result "1/2-1/2"]
[WhiteElo "1791"]
[BlackElo "1665"]
[PlyCount "48"]
[EventDate "2009.11.07"]

1. c4 c5 2. Nf3 Nf6 3. Nc3 d5 4. cxd5 Nxd5 5. Qc2 e6 6. g3 Nxc3 7. dxc3 Bd7 8.
Bg2 Bc6 9. O-O Be7 10. Rd1 Qc8 11. e4 O-O 12. Ne5 h6 13. Be3 Nd7 14. Nxc6 Qxc6
15. h3 Qc8 16. c4 e5 17. Rd2 Rd8 18. Rad1 Nf6 19. Rxd8+ Bxd8 20. a3 a5 21. g4
Qc7 22. g5 hxg5 23. Bxg5 Nh5 24. Bxd8 Rxd8 1/2-1/2

[Event "First Saturday 2009 november FM-B"]
[Site "Budapest"]
[Date "2009.11.10"]
[Round "4"]
[White "Kron, Gabor"]
[Black "Horvath, Zoltan"]
[Result "1-0"]
[WhiteElo "1838"]
[BlackElo "1605"]
[PlyCount "79"]
[EventDate "2009.11.07"]

1. g3 g6 2. Bg2 Bg7 3. f4 f5 4. Nf3 Nf6 5. O-O O-O 6. d3 d6 7. Nbd2 Nbd7 8. e4
Ng4 9. Qe2 e6 10. h3 Ngf6 11. Re1 h6 12. Nf1 Rb8 13. c3 c5 14. Bd2 b6 15. exf5
exf5 16. Qe6+ Kh7 17. Qxd6 Ne8 18. Qe7 Bb7 19. Rad1 Nef6 20. Qxd8 Rbxd8 21. Be3
Rfe8 22. Bf2 Bd5 23. b3 a5 24. c4 Bf7 25. Rxe8 Rxe8 26. Re1 Rxe1 27. Nxe1 Be8
28. Nc2 Nb8 29. d4 cxd4 30. Nxd4 Ne4 31. Bxe4 fxe4 32. Ne6 Nd7 33. Nxg7 Kxg7
34. Bd4+ Kf7 35. Nd2 Nc5 36. Bxc5 bxc5 37. Nxe4 a4 38. Nd6+ Ke7 39. Nxe8 Kxe8
40. bxa4 {after 16 move} 1-0

[Event "First Saturday 2009 november FM-B"]
[Site "Budapest"]
[Date "2009.11.10"]
[Round "4"]
[White "Szoukup, Istvan"]
[Black "Kelemen, Lajos dr"]
[Result "1-0"]
[WhiteElo "1730"]
[BlackElo "1516"]
[PlyCount "97"]
[EventDate "2009.11.07"]

1. e4 d6 2. d4 Nd7 3. Nc3 Ngf6 4. Nf3 e5 5. Bc4 exd4 6. Nxd4 c6 7. Nf5 Ne5 8.
Bb3 g6 9. Nd4 Bg7 10. f3 Qb6 11. Be3 O-O 12. Nf5 Qc7 13. Qxd6 Qxd6 14. Nxd6 b6
15. O-O-O Be6 16. Bxe6 fxe6 17. Bd4 Nfd7 18. f4 Rxf4 19. Ne2 Rff8 20. Bc3 Bh6+
21. Kb1 Rf2 22. Nd4 Nc5 23. g3 Ng4 24. Nxc6 Bg5 25. h3 Ne3 26. Rd2 Rf3 27. g4
a5 28. h4 Bf6 29. Bxf6 Rxf6 30. g5 Rf4 31. Re2 Ng4 32. Kc1 Raf8 33. Kd2 Nf2 34.
Rhe1 Rxh4 35. c3 Rg4 36. b4 axb4 37. cxb4 Nd7 38. Nd4 Rxg5 39. Nxe6 Nxe4+ 40.
Nxe4 Rd5+ 41. Ke3 Rff5 42. Rd2 Rxd2 43. Nxd2 Re5+ 44. Kf2 Rf5+ 45. Nf3 g5 46.
Nexg5 Rf8 47. Re7 Nf6 48. Ne6 Ne4+ 49. Ke3 1-0

[Event "First Saturday 2009 november FM-B"]
[Site "Budapest"]
[Date "2009.11.10"]
[Round "4"]
[White "Szoukup, Helga"]
[Black "Hetesi, Zoltan"]
[Result "1-0"]
[WhiteElo "1933"]
[BlackElo "1547"]
[PlyCount "49"]
[EventDate "2009.11.07"]

1. e4 e6 2. d4 d5 3. e5 c5 4. Nf3 Nc6 5. dxc5 Bxc5 6. Bd3 Nge7 7. O-O Ng6 8.
Re1 Qc7 9. Qe2 Bd7 10. c3 O-O-O 11. Nbd2 Nf4 12. Qf1 Nxd3 13. Qxd3 d4 14. Nb3
Bb6 15. Nbxd4 Nxd4 16. cxd4 Bc6 17. Be3 Bxf3 18. gxf3 Kb8 19. Qe4 Rd5 20. Rac1
Qd7 21. Rc4 Qb5 22. b3 Qa5 23. Ra1 f5 24. exf6 gxf6 25. Qxe6 1-0

[Event "First Saturday 2009 november FM-B"]
[Site "Budapest"]
[Date "2009.11.11"]
[Round "5"]
[White "Hetesi, Zoltan"]
[Black "Vinnay, Istvan"]
[Result "0-1"]
[WhiteElo "1547"]
[BlackElo "1791"]
[PlyCount "38"]
[EventDate "2009.11.07"]

1. e4 c5 2. Nf3 e6 3. d4 cxd4 4. Nxd4 Nf6 5. Nc3 d6 6. Bd3 a6 7. O-O Be7 8. Re1
O-O 9. f4 Nc6 10. Nxc6 bxc6 11. e5 Nd5 12. Ne4 dxe5 13. Qh5 g6 14. Qxe5 f5 15.
Nc3 Bf6 16. Qe2 Nxc3 17. bxc3 Bxc3 18. Bd2 Bxa1 19. Rxa1 Qd4+ 0-1

[Event "First Saturday 2009 november FM-B"]
[Site "Budapest"]
[Date "2009.11.11"]
[Round "5"]
[White "Kelemen, Lajos dr"]
[Black "Szoukup, Helga"]
[Result "0-1"]
[WhiteElo "1516"]
[BlackElo "1933"]
[PlyCount "86"]
[EventDate "2009.11.07"]

1. d4 Nf6 2. c4 g6 3. g3 d5 4. Bg2 Bg7 5. Nf3 O-O 6. O-O Nbd7 7. cxd5 Nb6 8.
Nc3 Nbxd5 9. Ne5 Nxc3 10. bxc3 Nd5 11. Qb3 Nb6 12. Bf4 Be6 13. Qc2 Nd5 14. Bxd5
Qxd5 15. e4 Qa5 16. Nd3 Bh3 17. Rfe1 g5 18. Be3 b6 19. Nb4 e6 20. Nc6 Qb5 21.
Nb4 a5 22. a4 Qd7 23. Nd3 f5 24. Bxg5 fxe4 25. Nf4 Bf5 26. Nh5 e3 27. Qe2 Bg4
28. Qxe3 Bxh5 29. Qxe6+ Qxe6 30. Rxe6 Be8 31. Bf4 Rc8 32. Re7 Rf7 33. Re4 Bc6
34. Re3 Rd8 35. Re6 Bd5 36. Ree1 c5 37. Be3 Bf3 38. Rab1 cxd4 39. cxd4 Rb7 40.
d5 Rd6 41. Bc5 Rxd5 42. Re8+ Kf7 43. Rc8 Rxc5 0-1

[Event "First Saturday 2009 november FM-B"]
[Site "Budapest"]
[Date "2009.11.11"]
[Round "5"]
[White "Horvath, Zoltan"]
[Black "Szoukup, Istvan"]
[Result "1-0"]
[WhiteElo "1605"]
[BlackElo "1730"]
[PlyCount "103"]
[EventDate "2009.11.07"]

1. e4 e5 2. Nf3 Nc6 3. Bb5 a6 4. Ba4 Nf6 5. O-O Be7 6. Re1 b5 7. Bb3 O-O 8. a4
b4 9. c3 a5 10. Bd5 Nxd5 11. exd5 Nb8 12. Nxe5 Bb7 13. c4 d6 14. Nf3 Nd7 15. d4
g5 16. Rxe7 Qxe7 17. Bxg5 f6 18. Bh6 Rfe8 19. Nbd2 Qe2 20. Qc2 Qe7 21. h3 Qf7
22. Qf5 Nf8 23. Ne4 Nd7 24. Re1 Re7 25. Re3 Rae8 26. Nh4 b3 27. Rg3+ Kh8 28.
Bg7+ Qxg7 29. Rxg7 Kxg7 30. Qg4+ Kh8 31. f3 Bc8 32. Qf4 Rf7 33. g4 Ref8 34. Nf5
Nb6 35. Nh6 Rg7 36. Nd2 Bd7 37. Nxb3 Nxc4 38. Nf5 Bxf5 39. Qxf5 Nxb2 40. Nxa5
Nxa4 41. Nc6 Nb6 42. Kf2 Rg5 43. Qc2 Nxd5 44. h4 Rg7 45. Qf5 Nb6 46. d5 Rgf7
47. Nd4 Ra8 48. g5 Ra5 49. Qe6 Rf8 50. Qe7 Ra2+ 51. Kg3 Raa8 52. Ne6 1-0

[Event "First Saturday 2009 november FM-B"]
[Site "Budapest"]
[Date "2009.11.11"]
[Round "5"]
[White "Toth, Antal"]
[Black "Csata, Marcell"]
[Result "0-1"]
[WhiteElo "1665"]
[BlackElo "1891"]
[PlyCount "96"]
[EventDate "2009.11.07"]

1. e4 e5 2. Nf3 Nc6 3. Bb5 a6 4. Ba4 Nf6 5. O-O b5 6. Bb3 Be7 7. Re1 d6 8. c3
O-O 9. h3 Nb8 10. d4 Nbd7 11. Nbd2 Bb7 12. Bc2 Re8 13. Nf1 Bf8 14. d5 c6 15.
Ne3 Nb6 16. dxc6 Bxc6 17. Nf1 Qc7 18. Ng3 Rad8 19. Bg5 Nbd7 20. Bb3 h6 21. Bxf6
Nxf6 22. Bd5 Bxd5 23. exd5 Qc4 24. Qb3 Qxd5 25. Qxd5 Nxd5 26. Rad1 Nf4 27. Ne2
Nxe2+ 28. Rxe2 g6 29. Rd5 f5 30. g3 Kf7 31. Red2 Be7 32. Ne1 Rc8 33. Nc2 Ke6
34. Kg2 Rc5 35. Nb4 Rd8 36. Kf1 a5 37. Rxc5 dxc5 38. Rxd8 Bxd8 39. Nc2 Bg5 40.
Ke2 Kd5 41. b3 f4 42. g4 e4 43. f3 Bf6 44. Na3 b4 45. c4+ Kc6 46. fxe4 bxa3 47.
Kf3 g5 48. Ke2 Kd6 0-1

[Event "First Saturday 2009 november FM-B"]
[Site "Budapest"]
[Date "2009.11.12"]
[Round "6"]
[White "Vinnay, Istvan"]
[Black "Csata, Marcell"]
[Result "1/2-1/2"]
[WhiteElo "1791"]
[BlackElo "1891"]
[PlyCount "90"]
[EventDate "2009.11.07"]

1. d4 Nf6 2. c4 g6 3. Nc3 Bg7 4. e4 d6 5. f3 O-O 6. Be3 Nbd7 7. Bd3 c5 8. Nge2
cxd4 9. Nxd4 Ne5 10. Be2 Bd7 11. Qd2 a6 12. O-O Rc8 13. b3 Nc6 14. Nxc6 bxc6
15. Rac1 c5 16. Rfd1 Qc7 17. Bg5 Be6 18. Nd5 Bxd5 19. cxd5 Qb6 20. Be3 Nd7 21.
Kh1 Ne5 22. f4 Nd7 23. Bg4 Rc7 24. b4 Nf6 25. Bf3 Qb5 26. bxc5 dxc5 27. e5 Nd7
28. Rb1 Qa4 29. Rdc1 Rb8 30. Bd1 Qe4 31. Rxb8+ Nxb8 32. Bf3 Qa4 33. Qc2 Qa5 34.
Bd2 Qb5 35. Rb1 Qe8 36. Qb3 Nd7 37. Ba5 c4 38. Qa4 Rc5 39. h3 Qc8 40. Bc3 h5
41. Bd4 Rb5 42. Rc1 Bh6 43. g3 Qb7 44. Qxc4 Nb6 45. Bxb6 Qxb6 1/2-1/2

[Event "First Saturday 2009 november FM-B"]
[Site "Budapest"]
[Date "2009.11.12"]
[Round "6"]
[White "Kron, Gabor"]
[Black "Toth, Antal"]
[Result "1/2-1/2"]
[WhiteElo "1838"]
[BlackElo "1665"]
[PlyCount "59"]
[EventDate "2009.11.07"]

1. g3 g6 2. Bg2 Bg7 3. d3 d5 4. Nd2 e6 5. e4 c6 6. Ne2 Ne7 7. O-O O-O 8. h3 f5
9. f4 fxe4 10. dxe4 dxe4 11. Nxe4 Qxd1 12. Rxd1 Nd7 13. Nd6 Nb6 14. c3 e5 15.
Nxc8 Raxc8 16. Rb1 Nf5 17. g4 Ne7 18. Be4 exf4 19. Nxf4 Be5 20. Rf1 Ned5 21.
Ng2 Bh2+ 22. Kxh2 Rxf1 23. c4 Nf6 24. Bd3 Rd1 25. Be2 Rcd8 26. Bxd1 Rxd1 27. b3
Nbd7 28. Ra1 Ne5 29. Bb2 Rxa1 30. Bxa1 1/2-1/2

[Event "First Saturday 2009 november FM-B"]
[Site "Budapest"]
[Date "2009.11.12"]
[Round "6"]
[White "Szoukup, Helga"]
[Black "Horvath, Zoltan"]
[Result "1-0"]
[WhiteElo "1933"]
[BlackElo "1605"]
[PlyCount "62"]
[EventDate "2009.11.07"]

1. e4 e5 2. Nf3 Nc6 3. Bb5 a6 4. Ba4 Nf6 5. c3 b5 6. Bb3 d5 7. exd5 Nxd5 8. d3
Be6 9. Ng5 Qd7 10. Nxe6 fxe6 11. Qh5+ g6 12. Qf3 O-O-O 13. Bg5 Be7 14. Bxe7
Ndxe7 15. a4 Rhf8 16. Qh3 Qxd3 17. Qxd3 Rxd3 18. axb5 Nd4 19. cxd4 Rxb3 20.
Rxa6 Kd7 21. Nd2 Rxb2 22. Nc4 Rxb5 23. Nxe5+ Kc8 24. O-O Rb6 25. Ra8+ Rb8 26.
Rxb8+ Kxb8 27. Nd7+ Kc8 28. Nxf8 Nf5 29. Nxe6 Kd7 30. Re1 c6 31. Nf8+ Kd6 1-0

[Event "First Saturday 2009 november FM-B"]
[Site "Budapest"]
[Date "2009.11.13"]
[Round "7"]
[White "Kelemen, Lajos dr"]
[Black "Vinnay, Istvan"]
[Result "0-1"]
[WhiteElo "1516"]
[BlackElo "1791"]
[PlyCount "63"]
[EventDate "2009.11.07"]

1. d4 d5 2. c4 c6 3. cxd5 cxd5 4. Nf3 Nf6 5. Nc3 Nc6 6. Bf4 a6 7. a4 e6 8. e3
Bd6 9. Bxd6 Qxd6 10. Be2 O-O 11. O-O Bd7 12. Qb3 Na5 13. Qc2 Rfc8 14. Qd1 Qb4
15. Ne5 Be8 16. f4 Qxb2 17. Na2 Ne4 18. Nd3 Qc2 19. Qxc2 Rxc2 20. Bd1 Rc7 21.
f5 Nc4 22. Rc1 Rac8 23. fxe6 fxe6 24. Bb3 Ned2 25. Nc5 Nxf1 26. Rxf1 Bf7 27.
Bxc4 dxc4 28. Ne4 Rd8 29. Nec3 Bg6 30. Nc1 Rf8 31. Rf3 Be8 32. Kf2 0-1

[Event "First Saturday 2009 november FM-B"]
[Site "Budapest"]
[Date "2009.11.13"]
[Round "7"]
[White "Horvath, Zoltan"]
[Black "Hetesi, Zoltan"]
[Result "1/2-1/2"]
[WhiteElo "1605"]
[BlackElo "1547"]
[PlyCount "62"]
[EventDate "2009.11.07"]

1. e4 e5 2. Nf3 d5 3. exd5 e4 4. Qe2 Nf6 5. Nc3 Bb4 6. Qb5+ c6 7. Qxb4 exf3 8.
dxc6 Nxc6 9. Qb5 Qe7+ 10. Kd1 Bg4 11. g3 O-O 12. d3 Rfe8 13. Be3 Rad8 14. Kc1
a6 15. Qc4 Rc8 16. Qf4 h6 17. b3 Qa3+ 18. Kb1 Ne5 19. Bc1 Qd6 20. Ne4 Nxe4 21.
dxe4 Qc5 22. Qd2 Red8 23. Bd3 Qd6 24. Rd1 Qc6 25. Bb2 Nxd3 26. cxd3 Rd7 27. a4
Rcd8 28. Qe3 f5 29. e5 Rc8 30. d4 Qc2+ 31. Ka2 Rdc7 1/2-1/2

[Event "First Saturday 2009 november FM-B"]
[Site "Budapest"]
[Date "2009.11.13"]
[Round "7"]
[White "Toth, Antal"]
[Black "Szoukup, Istvan"]
[Result "0-1"]
[WhiteElo "1665"]
[BlackElo "1730"]
[PlyCount "84"]
[EventDate "2009.11.07"]

1. e4 e5 2. Nf3 Nc6 3. Bb5 a6 4. Ba4 Nf6 5. O-O Be7 6. Re1 b5 7. Bb3 O-O 8. c3
d5 9. exd5 Nxd5 10. d4 exd4 11. Nxd4 Bb7 12. Nf3 Nf6 13. Bg5 Na5 14. Nbd2 Nxb3
15. Nxb3 Qxd1 16. Raxd1 Bxf3 17. gxf3 Rad8 18. Nd4 Rfe8 19. Rc1 Nd5 20. Bxe7
Rxe7 21. Nc6 Rxe1+ 22. Rxe1 Ra8 23. Re5 Nf4 24. Re7 Ne6 25. Ne5 Rf8 26. Kg2 g6
27. Kg3 Kg7 28. Nxf7 Kf6 29. Rxe6+ Kxe6 30. Ng5+ Kf5 31. h4 h6 32. Ne4 Rd8 33.
a3 a5 34. Kg2 Kf4 35. Nc5 Re8 36. b4 a4 37. Ne4 Rxe4 38. fxe4 Kxe4 39. Kg3 h5
40. f3+ Ke3 41. Kg2 Kd3 42. Kg3 Kxc3 0-1

[Event "First Saturday 2009 november FM-B"]
[Site "Budapest"]
[Date "2009.11.13"]
[Round "7"]
[White "Csata, Marcell"]
[Black "Kron, Gabor"]
[Result "1/2-1/2"]
[WhiteElo "1891"]
[BlackElo "1838"]
[PlyCount "45"]
[EventDate "2009.11.07"]

1. e4 c6 2. d4 d5 3. Nc3 dxe4 4. Nxe4 Nd7 5. Nf3 Ngf6 6. Ng3 e6 7. Bf4 Be7 8.
a3 b6 9. c4 Bb7 10. Be2 c5 11. dxc5 Nxc5 12. b4 Nce4 13. Qa4+ Qd7 14. Qxd7+
Nxd7 15. Nxe4 Bxe4 16. O-O O-O 17. Rad1 Nf6 18. Rd2 Rfd8 19. Rfd1 Rxd2 20. Rxd2
a5 21. Bd6 Kf8 22. b5 Rc8 23. Ne5 1/2-1/2

[Event "First Saturday 2009 november FM-B"]
[Site "Budapest"]
[Date "2009.11.14"]
[Round "8"]
[White "Vinnay, Istvan"]
[Black "Kron, Gabor"]
[Result "0-1"]
[WhiteElo "1791"]
[BlackElo "1838"]
[PlyCount "96"]
[EventDate "2009.11.07"]

1. d4 d6 2. c4 Nd7 3. Nc3 g6 4. e4 e5 5. Be3 Bg7 6. Nf3 h6 7. Be2 Ne7 8. Qc2
O-O 9. dxe5 dxe5 10. Rd1 c6 11. Qd2 Kh7 12. O-O Qe8 13. Ne1 f5 14. f3 f4 15.
Bf2 g5 16. Na4 h5 17. Nc5 Nxc5 18. Bxc5 Rg8 19. Bxe7 Qxe7 20. Qd6 Qe8 21. h3
Bf8 22. Qd2 g4 23. fxg4 hxg4 24. hxg4 Qg6 25. Nd3 Bxg4 26. Bxg4 Qxg4 27. Qf2
Qg5 28. b4 b6 29. a3 Be7 30. Ne1 Qh5 31. Rd3 Bh4 32. Qf3 Qh6 33. Qh3 Rad8 34.
Qf5+ Qg6 35. Qxg6+ Kxg6 36. Nf3 Bf6 37. Rfd1 Rxd3 38. Rxd3 Kf7 39. Rd7+ Ke6 40.
Rxa7 Rb8 41. a4 Be7 42. Nxe5 Bxb4 43. Nxc6 Bc5+ 44. Kf1 Rc8 45. Na5 bxa5 46.
Rxa5 Ke5 47. Rb5 Kxe4 48. a5 Be3 {after 17 move} 0-1

[Event "First Saturday 2009 november FM-B"]
[Site "Budapest"]
[Date "2009.11.14"]
[Round "8"]
[White "Szoukup, Istvan"]
[Black "Csata, Marcell"]
[Result "0-1"]
[WhiteElo "1730"]
[BlackElo "1891"]
[PlyCount "58"]
[EventDate "2009.11.07"]

1. e4 c5 2. Nf3 d6 3. d4 cxd4 4. Nxd4 Nf6 5. Nc3 a6 6. Be3 e6 7. g4 h6 8. f3 b5
9. Qd2 Nbd7 10. O-O-O Bb7 11. Kb1 b4 12. Na4 Qa5 13. b3 Nc5 14. Nb2 Nfxe4 15.
fxe4 Nxe4 16. Qd3 Nc3+ 17. Kc1 Bxh1 18. Nxe6 d5 19. Nc4 Qxa2 20. Nc7+ Kd8 21.
Re1 Be4 22. Ne6+ fxe6 23. Bb6+ Kc8 24. Rxe4 Nxe4 25. Bd4 Bc5 26. Bxg7 Rf8 27.
Bb2 dxc4 28. Qxc4 Rxf1+ 29. Qxf1 Be3+ 0-1

[Event "First Saturday 2009 november FM-B"]
[Site "Budapest"]
[Date "2009.11.14"]
[Round "8"]
[White "Szoukup, Helga"]
[Black "Toth, Antal"]
[Result "1-0"]
[WhiteElo "1933"]
[BlackElo "1665"]
[PlyCount "49"]
[EventDate "2009.11.07"]

1. e4 c5 2. Nf3 d6 3. d4 cxd4 4. Nxd4 Nf6 5. Nc3 a6 6. Be2 g6 7. Be3 Bg7 8. f3
e6 9. Qd2 O-O 10. Bh6 Nc6 11. Nxc6 bxc6 12. h4 Nh5 13. g4 Ng3 14. Bxg7 Kxg7 15.
Rh3 Nxe2 16. Nxe2 d5 17. e5 Qb6 18. b3 a5 19. h5 Ba6 20. hxg6 Rh8 21. Qh6+ Kg8
22. gxh7+ Rxh7 23. Qxh7+ Kf8 24. Qh8+ Ke7 25. Qf6+ 1-0